000 02111nam a22002057a 4500
005 20250220103736.0
008 250220b ||||| |||| 00| 0 eng d
020 _a9789354356117
040 _cAL
041 _aeng
082 _223
_a330.015195
_bGUJE
100 _aDamodar Gujarati
_9201472
245 _aEconometrics
_b:by example
260 _aLondon
_bBloomsbury Academic
_c2023
300 _axxx,466p.
_bPB
_c25x19cm.
365 _2General
_a6383
_b₹799.20
_c
_d₹999.00
_e20%
_f06/02/2025
520 _aThe second edition of this bestselling textbook retains its unique learning-by-doing approach to econometrics. Rather than relying on complex theoretical discussions and complicated mathematics, this book explains econometrics from a practical point of view by walking the student through real-life examples, step by step. Damodar Gujarati's clear, concise, writing style guides students from model formulation to estimation and hypothesis-testing, through to post-estimation diagnostics. The basic statistics needed to follow the book are covered in an appendix, making the book a flexible and self-contained learning resource.The textbook is ideal for undergraduate students in economics, business, marketing, finance, operations research and related disciplines. It is also intended for students in MBA programs across the social sciences, and for researchers in business, government and research organizations who require econometrics.New to this Edition:- Two brand new chapters on Quantile Regression Modeling and Multivariate Regression Models.- Two further additional chapters on hierarchical linear regression models and bootstrapping are available on the book's website- New extended examples accompanied by real-life data.- New student exercises at the end of each chapter. Accompanying online resources for this title can be found at bloomsburyonlineresources.com/econometrics-by-example-2. These resources are designed to support teaching and learning when using this textbook and are available at no extra cost.
650 _2Economics
_aEconometrics
_9201473
942 _2ddc
_cBK
999 _c233847
_d233847